Návrh na zlepšenie systému riadenia projektovej komunikácie v spoločnosti ZF Slovakia, a.s.

Uložené v:
Podrobná bibliografia
Hlavný autor: Jaďuď, Richard (Autor)
Ďalší autori: Hrablik Chovanová, Henrieta (Vedúci práce)
Médium: Rukopis Kniha
Jazyk:Slovak
Vydavateľské údaje: 2018
Predmet:
On-line prístup:http://is.stuba.sk/zp/portal_zp.pl?podrobnosti=138566
Tagy: Pridať tag
Žiadne tagy, Buďte prvý, kto otaguje tento záznam!

MARC

LEADER 00000ntm a22000003a 4500
001 stuzp65708
003 SK-STU
005 20180820152705.5
007 ta
008 150427s2015----xo-----f-mn---000-0-slo-d
040 |a STU  |b slo 
041 0 |a slo 
100 1 |a Jaďuď, Richard  |u 064000  |4 aut  |U MTF Materiálovotechnologická fakulta  |T MTF Ústav priemyselného inžinierstva a manažmentu  |X 77385  |U M4000  |Y 84  |7 77385 
242 0 1 |a Proposal to improve the management of project communication ZF Slovakia, Inc.  |y eng 
245 1 0 |a Návrh na zlepšenie systému riadenia projektovej komunikácie v spoločnosti ZF Slovakia, a.s. 
260 |c 2018 
650 4 |a Project  |2 eng 
650 4 |a Project communication  |2 eng 
650 4 |a Project management  |2 eng 
650 4 |a Projektová komunikácia  |2 slo 
650 4 |a Projektový manažment  |2 slo 
650 4 |a Projekt  |2 slo 
700 1 |a Hrablik Chovanová, Henrieta  |u 064000  |k Z1  |4 ths  |U MTF Materiálovotechnologická fakulta  |T MTF Ústav priemyselného inžinierstva a manažmentu  |X 2766  |U M4000  |Y 84  |7 A000002766 
856 4 |u http://is.stuba.sk/zp/portal_zp.pl?podrobnosti=138566 
996 |c M* DP-13740  |l MMSKP  |s P  |a 0  |w stuzp65708_0001